University Home | Library Home | Institutional Repository

Electronic communication systems. (Record no. 113868)

MARC details
000 -LEADER
fixed length control field 00599cam8a220021700 4500
001 - CONTROL NUMBER
control field tmp15930007
003 - CONTROL NUMBER IDENTIFIER
control field UPRA
005 - DATE AND TIME OF LATEST TRANSACTION
control field 20190820082928.0
008 - FIXED-LENGTH DATA ELEMENTS--GENERAL INFORMATION
fixed length control field 951113s1970 ja eng u
035 ## - SYSTEM CONTROL NUMBER
System control number (Sirsi) r48875
035 ## - SYSTEM CONTROL NUMBER
System control number (UPRA)tmp15930007
040 ## - CATALOGING SOURCE
Transcribing agency UPRA
100 1# - MAIN ENTRY--PERSONAL NAME
Personal name Kennedy, G.
Linkage A6913.1
245 10 - TITLE STATEMENT
Title Electronic communication systems.
250 ## - EDITION STATEMENT
Edition statement 2nd ed.
260 ## - PUBLICATION, DISTRIBUTION, ETC.
Place of publication, distribution, etc. Tokyo,
Date of publication, distribution, etc. 1970.
949 ## - LOCAL PROCESSING INFORMATION (OCLC)
a TK5101
w lcc
i -60700
m MAIN
t BOOK
l ON-SHELF
949 ## - LOCAL PROCESSING INFORMATION (OCLC)
a TK5101
w lcc
i -60701
m MAIN
t BOOK
l ON-SHELF
949 ## - LOCAL PROCESSING INFORMATION (OCLC)
a TK5101
w lcc
i -60702
m MAIN
t BOOK
l ON-SHELF

No items available.

© 2026 - The University of Zambia Library - Koha v25.11